| 000 | 00735nam a22001817a 4500 | ||
|---|---|---|---|
| 003 | BDDh-ASL | ||
| 005 | 20231015025653.0 | ||
| 008 | 200917b1928 ||||| |||| 00| 0 d | ||
| 040 |
_aBDDh-ASL _cBDDh-ASL _dBDDh-ASL |
||
| 041 | _abengali | ||
| 082 |
_a297.01 _bHAM |
||
| 100 |
_9850 _aহুসেন, মৌলবী আবুল |
||
| 245 | 1 |
_aমুসলিম 'কালচার' _cমৌলবী আবুল হুসেন। |
|
| 260 |
_aঢাকা: _bমডার্ণ লাইব্রেরী, _c১৯২৮। |
||
| 300 |
_a৮৫ পৃষ্ঠা: _c১৮ সে. মি.। |
||
| 650 | 0 |
_9749 _aইসলামী সমাজ ব্যবস্থা _xইসলাম ধর্ম |
|
| 942 |
_2ddc _cBK |
||
| 999 |
_c18010 _d18010 |
||